000 00234nam a22001097a 4500
082 _a671.1HMT
100 _aHMT bangalore
245 _aProduction technology
260 _aNew Delhi
_bMcGraw Hill
_c1980
300 _a870p
942 _cBK
999 _c14899
_d14899